LIBRARY & INFORMATION CENTRE, KCAET, TAVANUR

ONLINE PUBLIC ACCESS CATALOGUE (OPAC)

Great men of science : A history of scientific progress (Record no. 611)

MARC details
000 -LEADER
fixed length control field 00369cam a2200157ua 4500
041 ## - LANGUAGE CODE
Language code of text/sound track or separate title eng
082 ## - DEWEY DECIMAL CLASSIFICATION NUMBER
Classification number 925
Item number LEN/GR
100 ## - MAIN ENTRY--AUTHOR NAME
Personal name Lenard, Philipp .
245 ## - TITLE STATEMENT
Title Great men of science : A history of scientific progress
260 ## - PUBLICATION, DISTRIBUTION, ETC. (IMPRINT)
Place of publication :
Name of publisher G. Bell & Sons ,
Year of publication 1958.
300 ## - PHYSICAL DESCRIPTION
Number of Pages 389 ; .
942 ## - ADDED ENTRY ELEMENTS (KOHA)
Koha item type Books
Holdings
Withdrawn status Lost status Damaged status Home library Current library Date acquired Full call number Accession Number Koha item type
      KAUAET KAUAET 07/04/2012 925 510 Books
Withdrawn     KAUAET Sanskrit University 07/04/2012 925 4023 Books
free website counter